| 000 | 00872nam a2200193 a 4500 | ||
|---|---|---|---|
| 001 | 58921 | ||
| 005 | 20180714055708.0 | ||
| 008 | 140415s2008 mx 000 0 spa d | ||
| 020 | _a9789684373358 | ||
| 041 | _aspa | ||
| 082 |
_a155.937 _bSAL |
||
| 100 | 1 | _aSALINAS DE LA MADRID, ALICIA | |
| 245 | 1 | 0 | _aACOMPAÑAR EN LA ENFERMEDAD, EL DOLOR Y LA MUERTE |
| 250 | _a1a ed. | ||
| 260 |
_aMEXICO : _bPAULINAS, _c2008 |
||
| 300 |
_a141 _c14 x 1.7 x 21.5 |
||
| 520 | _aESTE LIBRO NOS INVITA A REFLEXIONAR, REVISAR Y ACRECENTAR NUESTRA CALIDAD DE VIDA. PRETENDE LLEVARNOS POR UNA SENDA DE LA TANATOLOGIA (ESTUDIO DE LA MUERTE), QUE DE LUZ A NUESTRO ANDAR Y NOS AYUDE A SER CADA DIA UN POCO MAS CAPACES DE ACOMPAÑARNOS Y ACOMPAÑAR A LOS DEMAS EN LA ENFERMEDAD, EL DOLOR, LA MUERTE Y EL DUELO. | ||
| 650 | 1 | 4 |
_aENFERMOS _xMUERTE (PSICOLOGIA) _xLUTO _xPSICOLOGIA |
| 999 |
_c58921 _d58921 |
||